| 000 -LEADER |
| fixed length control field |
02743cas a2200589 a 4500 |
| 001 - CONTROL NUMBER |
| control field |
14168252 |
| 003 - CONTROL NUMBER IDENTIFIER |
| control field |
NUST |
| 005 - DATE AND TIME OF LATEST TRANSACTION |
| control field |
20190312051212.0 |
| 008 - FIXED-LENGTH DATA ELEMENTS--GENERAL INFORMATION |
| fixed length control field |
051114c20069999nyuqr p 0 a0eng c |
| 010 ## - LIBRARY OF CONGRESS CONTROL NUMBER |
| LC control number |
2005215831 |
| 016 7# - NATIONAL BIBLIOGRAPHIC AGENCY CONTROL NUMBER |
| Record control number |
AA12121766 |
| Source |
JP-ToKJK |
| 016 7# - NATIONAL BIBLIOGRAPHIC AGENCY CONTROL NUMBER |
| Record control number |
013440907 |
| Source |
Uk |
| 022 ## - INTERNATIONAL STANDARD SERIAL NUMBER |
| International Standard Serial Number |
1558-9080 |
| ISSN-L |
1558-9080 |
| Source |
1 |
| 035 ## - SYSTEM CONTROL NUMBER |
| System control number |
(OCoLC)ocm62270488 |
| 037 ## - SOURCE OF ACQUISITION |
| Source of stock number/acquisition |
Academy of Management, Subscription Office, PO Box 11318, Birmingham, AL 35202 |
| Terms of availability |
$70.00 (individual, U.S.) |
| -- |
$110.00 (academic library, U.S.) |
| -- |
$150.00 (corporate library, U.S.) |
| -- |
$90.00 (individual, foreign) |
| -- |
$135.00 (academic library, foreign) |
| -- |
$165.00 (corporate library, foreign) |
| Note |
Electronic subscription for current year only issues available with print subscription for an additional $35.00 |
| 038 ## - RECORD CONTENT LICENSOR |
| Staff Name |
Mr. Zahoor |
| 040 ## - CATALOGING SOURCE |
| Original cataloging agency |
NSD |
| Language of cataloging |
eng |
| Transcribing agency |
NSD |
| Modifying agency |
MYG |
| -- |
EEM |
| -- |
IUL |
| -- |
ORZ |
| -- |
WAU |
| -- |
DLC |
| -- |
LVB |
| -- |
OCLCQ |
| -- |
UQ1 |
| -- |
NSD |
| -- |
OCLCQ |
| -- |
ABC |
| -- |
MUQ |
| -- |
NLGGC |
| -- |
UKMGB |
| -- |
EYM |
| -- |
OCLCF |
| -- |
OCLCO |
| -- |
FC@ |
| -- |
I8M |
| -- |
GILDS |
| -- |
OCLCO |
| -- |
OCLCQ |
| -- |
CCH |
| -- |
OCLCQ |
| 042 ## - AUTHENTICATION CODE |
| Authentication code |
pcc |
| -- |
nsdp |
| 050 00 - LIBRARY OF CONGRESS CALL NUMBER |
| Classification number |
HD28 |
| Item number |
.A2415 |
| 082 10 - DEWEY DECIMAL CLASSIFICATION NUMBER |
| Classification number |
650 |
| Edition number |
14 |
| 222 #4 - KEY TITLE |
| Key title |
The Academy of Management perspectives |
| 245 04 - TITLE STATEMENT |
| Title |
The Academy of Management perspectives. |
| 246 13 - VARYING FORM OF TITLE |
| Title proper/short title |
AMP |
| 260 ## - PUBLICATION, DISTRIBUTION, ETC. |
| Place of publication, distribution, etc. |
Briarcliff Manor, N.Y. : |
| Name of publisher, distributor, etc. |
Academy of Management, |
| Date of publication, distribution, etc. |
2006- |
| 300 ## - PHYSICAL DESCRIPTION |
| Extent |
volumes : |
| Other physical details |
illustrations ; |
| Dimensions |
28 cm |
| 310 ## - CURRENT PUBLICATION FREQUENCY |
| Current publication frequency |
Quarterly |
| 336 ## - CONTENT TYPE |
| Content type term |
text |
| Content type code |
txt |
| Source |
rdacontent |
| 337 ## - MEDIA TYPE |
| Media type term |
unmediated |
| Media type code |
n |
| Source |
rdamedia |
| 338 ## - CARRIER TYPE |
| Carrier type term |
volume |
| Carrier type code |
nc |
| Source |
rdacarrier |
| 362 0# - DATES OF PUBLICATION AND/OR SEQUENTIAL DESIGNATION |
| Dates of publication and/or sequential designation |
Vol. 20, no. 1 (Feb. 2006)- |
| 500 ## - GENERAL NOTE |
| General note |
Title from cover. |
| 650 #0 - SUBJECT ADDED ENTRY--TOPICAL TERM |
| Topical term or geographic name entry element |
Management |
| Form subdivision |
Periodicals. |
| 9 (RLIN) |
13046 |
| 650 #0 - SUBJECT ADDED ENTRY--TOPICAL TERM |
| Topical term or geographic name entry element |
Organizational change |
| Form subdivision |
Periodicals. |
| 9 (RLIN) |
13821 |
| 650 #6 - SUBJECT ADDED ENTRY--TOPICAL TERM |
| Topical term or geographic name entry element |
Gestion |
| Form subdivision |
Périodiques. |
| 9 (RLIN) |
13047 |
| 650 #6 - SUBJECT ADDED ENTRY--TOPICAL TERM |
| Topical term or geographic name entry element |
Changement organisationnel |
| Form subdivision |
Périodiques. |
| 9 (RLIN) |
13822 |
| 650 #7 - SUBJECT ADDED ENTRY--TOPICAL TERM |
| Topical term or geographic name entry element |
Management. |
| Source of heading or term |
fast |
| Authority record control number or standard number |
(OCoLC)fst01007141 |
| 9 (RLIN) |
2007 |
| 650 #7 - SUBJECT ADDED ENTRY--TOPICAL TERM |
| Topical term or geographic name entry element |
Organizational change. |
| Source of heading or term |
fast |
| Authority record control number or standard number |
(OCoLC)fst01047828 |
| 9 (RLIN) |
4326 |
| 650 17 - SUBJECT ADDED ENTRY--TOPICAL TERM |
| Topical term or geographic name entry element |
Management. |
| Source of heading or term |
gtt |
| 9 (RLIN) |
2007 |
| 650 #7 - SUBJECT ADDED ENTRY--TOPICAL TERM |
| Topical term or geographic name entry element |
Changement organisationnel. |
| Source of heading or term |
rasuqam |
| 9 (RLIN) |
13823 |
| 650 17 - SUBJECT ADDED ENTRY--TOPICAL TERM |
| Topical term or geographic name entry element |
Gestion d'entreprise. |
| Source of heading or term |
rasuqam |
| 9 (RLIN) |
13824 |
| 650 #7 - SUBJECT ADDED ENTRY--TOPICAL TERM |
| Topical term or geographic name entry element |
Chef d'entreprise. |
| Source of heading or term |
rasuqam |
| 9 (RLIN) |
13825 |
| 655 #7 - INDEX TERM--GENRE/FORM |
| Genre/form data or focus term |
Periodicals. |
| Source of term |
fast |
| Authority record control number |
(OCoLC)fst01411641 |
| 9 (RLIN) |
2739 |
| 655 #7 - INDEX TERM--GENRE/FORM |
| Genre/form data or focus term |
Periodicals. |
| Source of term |
lcgft |
| 9 (RLIN) |
2739 |
| 710 2# - ADDED ENTRY--CORPORATE NAME |
| Corporate name or jurisdiction name as entry element |
Academy of Management. |
| 9 (RLIN) |
13045 |
| 776 08 - ADDITIONAL PHYSICAL FORM ENTRY |
| Relationship information |
Online version: |
| Title |
Academy of Management perspectives (Online) |
| International Standard Serial Number |
1943-4529 |
| Record control number |
(DLC) 2008214628 |
| -- |
(OCoLC)67618417 |
| 780 00 - PRECEDING ENTRY |
| Title |
Academy of Management executive (1993) |
| International Standard Serial Number |
1079-5545 |
| Record control number |
(DLC)sn 94001554 |
| -- |
(OCoLC)28883846 |
| 906 ## - LOCAL DATA ELEMENT F, LDF (RLIN) |
| a |
7 |
| b |
cbc |
| c |
serials |
| d |
2 |
| e |
ncip |
| f |
20 |
| g |
n-oclcserc |
| 942 ## - ADDED ENTRY ELEMENTS (KOHA) |
| Source of classification or shelving scheme |
|
| Koha item type |
Continuing Resources |
| Serial record |
1 |